• 首页
  • 本馆介绍
  • 公告通知
  • 最新文献
  • 馆藏检索
  • 电子资源
  • 读者导购
  • 参考咨询
  • 我的图书馆
  • 登录
  • 详细信息显示
  • 放入我的书架
  • 预约/预借图书
  • 作者相关作品
  • 分类相关作品
  • 丛书相关作品
  • 出版社相关作品

书目信息

  • 表格格式
  • 工作单格式
  • 卡片格式
题名:
沈阳史话
    
 
作者: 王鸿宾 著
分册:  
出版信息: 上海   上海人民出版社  1982
页数: 155页
开本: 19cm
丛书名:
单 册:
中图分类: K293.1
科图分类:
主题词: 地方史--沈阳市
电子资源:
ISBN:
000 00597nam0 2200229 45
001 0182001364
005 20060815093938.12
010    @dCNY0.41
091    @aCN@b11074.519
100    @a19950515d1982 em y0chiy0121 ea
101 0  @achi
102    @aCN@b310000
105    @af z 000yy
200 10 @a沈阳史话@Ashen yang shi hua@f王鸿宾著
210    @a上海@c上海人民出版社@d1982
215    @a155页@c照片@d19cm
606    @a地方史@y沈阳市
690    @aK293.1@v3
701  0 @a王鸿宾@Awang hong bin@4著
801  0 @aCN@bTSSF@c20060815
801  2 @aCN@bNLC@c20060815
905    @a10447@dK293.1@e132
    
    沈阳史话/王鸿宾著.-上海:上海人民出版社,1982
    155页:照片;19cm
    
    
    ISBN :CNY0.41
    
●
相关链接 在E读中查询图书 在五车中查询图书 在当当中查询图书 在豆瓣中查询图书


正题名:沈阳史话     索取号:K293.1/132         预约/预借

序号 登录号 条形码 馆藏地/架位号 状态 备注
1 0462701   204627010   密集书库/ [索取号:K293.1/132] 在馆    
2 0462702   204627029   密集书库/ [索取号:K293.1/132] 在馆    
3 0462745   204627458   密集书库/ [索取号:K293.1/132] 在馆    
唐山师范学院图书馆 欢迎您!
大连网信软件有限公司© 版权所有